Devine le youtubeur fr avec ses concepts - Statistiques

Statistiques générales
  • Ce quiz a été pris 1 018 fois
  • Le résultat moyen est 8 sur 12
Statistiques - réponses
Hint Réponse % Correct
Qui est l'imposteur, le pire date, y'a quoi derrière la porte Squeezie
99%
Les pubs vs la vie, les réunions, l'épopée temporelle Cyprien
88%
Qui des 30, interrogatoire sous détecteur de mensonge, 48h en enfer Mastu
88%
On mange 100..., on construit des lego, on achète les objets des pubs tiktok Amixem
86%
La pire colocation, tiktok m'a fait acheté ça, le juste poids Joyca
81%
Sip and Gossip, jure c'est à toi Maghla
80%
Cache-cache, qui est le tueur, l'ascenceur Michou
78%
La battle des spécialités régionales, on déguste ..., méli-mélo McFly et Carlito
76%
100 défis en 1 journée, quête mystère, 48 heures pour ... Inoxtag
74%
Les ongliades, une année en story, la coures des canidés Natoo
39%
Attente vs réalité, 24h dans la peau de..., j'essaye les pires paires de chaussures Dooms
13%
Devine leur métier, combien ça coûte, on refait des jeux tiktok Sora
12%
Aucun quiz correspondant
Distribution des résultats
% des personnes avec chaque résultat
Percentile par nombre de réponses
Votre historique - résultats
Vous n’avez pas pris ce quiz